The sciences of homosexuality in early modern Europe

Αποθηκεύτηκε σε:
Λεπτομέρειες βιβλιογραφικής εγγραφής
Άλλοι συγγραφείς: Borris, Kenneth (Επιμελητής έκδοσης), Rousseau, G. S. (George Sebastian) (Επιμελητής έκδοσης)
Μορφή: Βιβλίο
Γλώσσα:English
Δημοσίευση: London : Routledge, 2008
Θέματα:
Ετικέτες: Προσθήκη ετικέτας
Δεν υπάρχουν, Καταχωρήστε ετικέτα πρώτοι!

MARC

LEADER 00000cam a2200000 i 4500
001 1/3575
008 100122s2008 eng d
020 |a 978-0-415-44692-1 (pbk.) 
020 |a 0-415-44692-9 (pbk.) 
035 |l 10106423 
040 |a GR-MY-UA  |b gre  |e aacr 
041 0 |a eng 
082 0 |a 306.766  |2 (22) 
245 1 4 |a The sciences of homosexuality in early modern Europe /  |c edited by Kenneth Borris and George Rousseau 
260 |a London :   |b Routledge,   |c 2008 
300 |a xi, 281 σ.;  |b εικ.;  |c 24 εκ. 
504 |a Περιέχει βιβλιογραφικές παραπομπές και ευρετήριο 
650 0 0 |a Homosexuality  |z Europe  |x History. 
650 0 0 |a Gays  |x Identity. 
650 0 0 |a Gays  |z Europe  |x History. 
650 0 0 |a Homosexuality in literature. 
700 1 |a Borris, Kenneth.  |4 edt 
700 1 |a Rousseau, G. S.   |q (George Sebastian)  |4 edt 
852 |a INST  |b LESVOS  |e 20100122  |h 306.766 SCI  |p 005100045995  |q 005100045995  |t BK  |y 0 
901 |a BIBL1-2010-1 
909 |a Λ  |b 160652 
970 |a ΚΑΡΑ  |b ΓΙΑΣΕΜΗ  |z 2010/01/22